Wszystkie piosenki - Żabson - Statystyki

Ogólne statystyki
  • Ten quiz został rozwiązany 573 razy
    158 od ostatniego zresetowania
  • Średni wynik to 41 z 113
Statystyki odpowiedzi
Hint Odpowiedź % Poprawnych
Ziomalski Mixtape Sexoholik
81%
Internaziomal Floyd Mayweather
75%
To ziomal Księżniczki
74%
TRAPOLLO Trapollo
74%
Internaziomal Internaziomal
67%
NieKumam Pok0ra
64%
Ziomalski Mixtape Aromatyczne Przyprawy (feat. Mata)
62%
Ziomalski Mixtape Trapczan
62%
Internaziomal Small Town Boy (feat. Beteo & White 2115)
61%
amfisbena (z Young Igi) Icey
60%
Ostatni Ziomal Ostatni Ziomal
58%
Marcodosing (z Kronkel Dom) BIBA (feat. Kizo)
57%
amfisbena (DELUXE) (z Young Igi) Robotniczy Trap
57%
Ziomalski Mixtape ULALA (feat. Young Leosia, Beteo & Borucci)
57%
Passion Fruits Biznesmen
56%
To ziomal DMT
56%
Ziomalski Mixtape Młody Boss
56%
amfisbena (DELUXE) (z Young Igi) Polski Karnawał
55%
Ostatni Ziomal Nie Mam Czasu Na Wakacje (feat. Waima)
54%
To ziomal Los (feat. Young Slash)
52%
To ziomal To ziomal
50%
To ziomal Incepcja
49%
Marcodosing (z Kronkel Dom) Afrodyzjak
48%
Ziomalski Mixtape Hood Angel (feat. BENITO & Beteo)
48%
Ziomalski Mixtape OBOK (feat. Vladimir Cauchemar)
46%
Ostatni Ziomal Tesla Sport Carbon
46%
Internaziomal Nowe dźwięki
45%
Ostatni Ziomal Przynajmniej nie kłamię
45%
Internaziomal Twister (feat. Young Multi)
45%
amfisbena (z Young Igi) Ziemia Na Marsie
45%
NieKumam Do Ziomów
44%
Ostatni Ziomal Tato
44%
Passion Fruits Czarne okulary (feat. Quebonafide)
43%
Ostatni Ziomal Supersize (feat. Kronkel Dom)
43%
Ostatni Ziomal Hop (feat. Oki)
40%
Marcodosing (z Kronkel Dom) Macrodosing
40%
Ostatni Ziomal Sidehoe (feat. Bedoes)
40%
amfisbena (DELUXE) (z Young Igi) Buty Na Rzepy
39%
TRAPOLLO Di Maria (feat. White 2115)
39%
Ziomalski Mixtape New Year Freestyle (feat. Kizo & Chris Abolade)
39%
Internaziomal Ucieknij ze mną (feat. DZIARMA)
39%
Ziomalski Mixtape Bez Emocji
37%
Internaziomal Elegancko (feat. Yzomandias)
37%
Internaziomal Kaptur
37%
Ostatni Ziomal Kocham Cię (feat. god.wifi)
37%
Internaziomal Mr. Drip (feat. Deemz, Otsochodzi & Lil Gotit)
37%
Ostatni Ziomal nie z tego świata
37%
Ostatni Ziomal Timbo
37%
Internaziomal Brak snu, stres i używki (feat. Szpaku)
36%
Ziomalski Mixtape Dziadyga Freestyle SKIT (feat. Mata)
36%
amfisbena (z Young Igi) #FreeBritney
36%
amfisbena (z Young Igi) James Bond
36%
To ziomal Ja zarabiam Ty się bawisz
36%
amfisbena (z Young Igi) Kap Kap
36%
Ziomalski Mixtape Palo Santo (feat. Young Leosia, Janusz Walczuk & Beteo)
36%
Ziomalski Mixtape Patrz Na Mnie (feat. Duszyn)
36%
To ziomal Mantra (feat. Quebonafide)
33%
To ziomal A$AP Rocky
32%
Internaziomal Urlop (Outro)
32%
Marcodosing (z Kronkel Dom) Android
31%
Internaziomal Collage (feat. Vegas Jones)
30%
Ostatni Ziomal God Mode (feat. Malik Montana)
30%
Ziomalski Mixtape Joker (feat. Sobel)
30%
Internaziomal No prowo
30%
Internaziomal Szrot (feat. Monkey)
30%
TRAPOLLO Gelato
29%
Marcodosing (z Kronkel Dom) MMS
29%
amfisbena (DELUXE) (z Young Igi) Sahara
29%
Passion Fruits Skunax (feat. ZetHa, Kejos & Lukel)
29%
Ziomalski Mixtape Tort (feat. Yzomandias & Karlo)
29%
NieKumam Wieża Bubble
29%
Ostatni Ziomal Bravo (feat. Coals)
27%
Ziomalski Mixtape Korea (feat. Duszyn & Locomode)
27%
NieKumam Piroman
27%
Ostatni Ziomal Poza Rachunkiem (feat. Miszel)
27%
Ziomalski Mixtape Trzygłowy Joint Na B24 (feat. Janusz Walczuk & Beteo)
27%
To ziomal Bingo
26%
To ziomal Koperta
26%
Ostatni Ziomal Lider (feat. Kuban)
26%
Internaziomal Marcelo Burlon
26%
amfisbena (z Young Igi) Nie Wszystek Umrę
26%
Ziomalski Mixtape Pierwszy Track (feat. Sarius)
26%
To ziomal Yakuzi (feat. Białas)
26%
Ostatni Ziomal Ego Top
25%
TRAPOLLO Hermes
25%
Marcodosing (z Kronkel Dom) Ryzykowny Biznes
25%
Ziomalski Mixtape Candy Sour (feat. Janusz Walczuk & ADM)
24%
NieKumam Lan
24%
TRAPOLLO Mojżesz
24%
amfisbena (z Young Igi) Perfekcja
24%
amfisbena (z Young Igi) Relax
24%
amfisbena (DELUXE) (z Young Igi) Scam
24%
Passion Fruits Chilli Lemon
23%
amfisbena (DELUXE) (z Young Igi) Kiedy Skończę Karierę
23%
Ostatni Ziomal Gluten Free (feat. VillaBanks)
21%
TRAPOLLO INTERNET.WAV
21%
amfisbena (DELUXE) (z Young Igi) Lifestyle
21%
Internaziomal Sukces (feat. Borixon)
21%
To ziomal Flexin (feat. Kaz Bałagane & Simpson.)
19%
Passion Fruits Paradox gry (feat. Białas)
19%
Marcodosing (z Kronkel Dom) Prawy Pas
19%
Ziomalski Mixtape #Hot16Challenge2
18%
NieKumam Nowy Gatunek
18%
amfisbena (DELUXE) (z Young Igi) Widzę Siebie
18%
To ziomal Gugu Skit
17%
To ziomal Wszystko dobrze (feat. Borixon)
17%
Passion Fruits D'angel
15%
NieKumam Invisible Man
14%
NieKumam R.U.N. (feat. Wac Toja & Slim Szczegi)
14%
Passion Fruits Switch
14%
NieKumam Dreamworker
13%
NieKumam Chłopak z Nikąd
12%
To ziomal Nie mam ochoty na nic
12%
Nie znaleziono quizów pasujących do podanych kryteriów
Rozkład punktacji
Procent ludzi z każdym wynikiem
Percentyl według liczby udzielonych odpowiedzi
Twoja historia wyników
Nie rozwiązałeś tego quizu od ostatniego zresetowania